00373nam a22000977a 4500008004100000082001700041100000800058245017000066260003000236300000900266230612b xxu||||| |||| 00| 0 eng d a354.676bGOK cGOK aThe Appropriation Accounts and Other Public Accounts Details Excluding Accounts of the Funds of the Republic of Kenya for the Year 2008/2009bAppendix 4cVotes 40-60 aNairobi, KenyabGOKc2009 a566p